Most Populous Nations Quiz Stats

 Plays Quiz Updated Oct 1, 2018

Score 0/25 Timer 05:00
21 Plays Today
% Correct
3. United States
99.5%
1. China
99.4%
9. Russia
98.5%
2. India
97.9%
5. Brazil
97.6%
21. France
95%
11. Mexico
94.7%
19. Germany
93.6%
10. Japan
92.1%
22. United Kingdom
91.3%
23. Italy
87.8%
14. Egypt
83.3%
17. Iran
80.7%
% Correct
4. Indonesia
78.3%
24. Myanmar
76.3%
6. Pakistan
75.7%
18. Turkey
74.6%
25. South Africa
67.1%
15. Vietnam
65.7%
7. Nigeria
64.1%
20. Thailand
63.9%
8. Bangladesh
54.8%
12. Ethiopia
50.2%
13. Philippines
49.5%
16. DR Congo
46%

You're not logged in!

Compare scores with friends on all Sporcle quizzes.
OR
Log In

Sporcle TV

Today on Sporcle TV


Watch our educational content, quiz creation guides, and fun videos on Sporcle TV.

Show Comments

Extras

Top Quizzes Today


Score Distribution

Your Account Isn't Verified!

In order to create a playlist on Sporcle, you need to verify the email address you used during registration. Go to your Sporcle Settings to finish the process.

Report this User

Report this user for behavior that violates our Community Guidelines.

Details: